[Event "SE-2012-0-00113"]
[Site "LSS email"]
[Date "2012.07.30"]
[Round "?"]
[White "Stadler, Pavel"]
[Black "Janicki, Michael"]
[Result "0-1"]
[WhiteElo "1370"]
[BlackElo "1338"]
[PlyCount "52"]
[EventDate "2012.06.04"]
[EventType "tourn (corr)"]
[EventRounds "6"]
[EventCountry "GER"]
[SourceTitle "Telechess CBM 165"]
[Source "ChessBase"]
[SourceDate "2015.03.11"]
[SourceVersion "1"]
[SourceVersionDate "2015.03.11"]
[SourceQuality "1"]

1. e4 d6 2. d4 Nf6 3. Nc3 g6 4. Bg5 Bg7 5. Qd2 h6 6. Bh4 g5 7. Bg3 Nh5 8. 0-0-0 Nc6 9. Bb5 Nxg3 10. hxg3 a6 11. Bxc6+ bxc6 12. f4 e6 13. Nf3 g4 14. Nh4 Bb7 15. f5 Qg5 16. fxe6 fxe6 17. Rhf1 Bxd4 18. Qxg5 hxg5 19. Rxd4 gxh4 20. gxh4 c5 21. Rd2 Rxh4 22. Rdf2 0-0-0 23. Rf6 Rh2 24. R1f2 d5 25. Rxe6 dxe4 26. Nxe4 Rh1+ 0-1

[Event "SE-2012-0-00113"]
[Site "LSS email"]
[Date "2012.07.28"]
[Round "?"]
[White "Janicki, Michael"]
[Black "Kepinski, Janusz"]
[Result "1/2-1/2"]
[WhiteElo "1338"]
[BlackElo "1233"]
[PlyCount "77"]
[EventDate "2012.06.04"]
[EventType "tourn (corr)"]
[EventRounds "6"]
[EventCountry "GER"]
[SourceTitle "Telechess CBM 165"]
[Source "ChessBase"]
[SourceDate "2015.03.11"]
[SourceVersion "1"]
[SourceVersionDate "2015.03.11"]
[SourceQuality "1"]

1. d4 Nf6 2. c4 c5 3. d5 d6 4. Nc3 g6 5. e4 Bg7 6. Nf3 Bg4 7. Be2 0-0 8. 0-0 a5 9. h3 Bxf3 10. Bxf3 Nfd7 11. Qb3 Qb6 12. Be2 Qxb3 13. axb3 Bxc3 14. bxc3 Nf6 15. Bh6 Re8 16. Bd3 Nbd7 17. f4 e6 18. Rfe1 exd5 19. exd5 Rxe1+ 20. Rxe1 Re8 21. Rxe8+ Nxe8 22. Bg5 f6 23. Bh4 f5 24. g4 fxg4 25. hxg4 Nef6 26. g5 Nh5 27. Bf1 Nb6 28. Be1 a4 29. bxa4 Nxa4 30. Kh2 Kf7 31. Bd2 Ng7 32. Kg3 Nf5+ 33. Kf2 h5 34. gxh6 Nxh6 35. Kf3 Nf5 36. Bd3 Ne7 37. Bc2 Nb2 38. Bb3 Nf5 39. Kf2 1/2-1/2

[Event "SE-2012-0-00113"]
[Site "LSS email"]
[Date "2012.07.28"]
[Round "?"]
[White "Janicki, Michael"]
[Black "Metz, Larry R"]
[Result "1/2-1/2"]
[WhiteElo "1338"]
[BlackElo "1368"]
[PlyCount "60"]
[EventDate "2012.06.04"]
[EventType "tourn (corr)"]
[EventRounds "6"]
[EventCountry "GER"]
[SourceTitle "Telechess CBM 165"]
[Source "ChessBase"]
[SourceDate "2015.03.11"]
[SourceVersion "1"]
[SourceVersionDate "2015.03.11"]
[SourceQuality "1"]

1. d4 Nf6 2. c4 e6 3. Nc3 Bb4 4. e3 d5 5. a3 Bxc3+ 6. bxc3 0-0 7. cxd5 exd5 8. Bd3 b6 9. Ne2 Ba6 10. 0-0 Bxd3 11. Qxd3 Nc6 12. c4 dxc4 13. Qxc4 Na5 14. Qc2 c5 15. Rd1 cxd4 16. Nxd4 Qd5 17. Bd2 Rac8 18. Qf5 Nc6 19. Qxd5 Nxd5 20. Nxc6 Rxc6 21. Bb4 Nxb4 22. axb4 Rc7 23. Rd5 Rfc8 24. f4 g6 25. g4 Rc2 26. Rxa7 Rb2 27. Rd1 Rcc2 28. h4 Rxb4 29. h5 gxh5 30. gxh5 h6 1/2-1/2

[Event "SE-2012-0-00113"]
[Site "LSS email"]
[Date "2012.07.28"]
[Round "?"]
[White "Janicki, Michael"]
[Black "Razo, Ryan Jose"]
[Result "1/2-1/2"]
[WhiteElo "1338"]
[BlackElo "1289"]
[PlyCount "30"]
[EventDate "2012.06.04"]
[EventType "tourn (corr)"]
[EventRounds "6"]
[EventCountry "GER"]
[SourceTitle "Corr 2015"]
[Source "ChessBase"]
[SourceDate "2015.07.17"]
[SourceVersion "1"]
[SourceVersionDate "2015.07.17"]
[SourceQuality "1"]

1. d4 Nf6 2. c4 e6 3. Nc3 Bb4 4. e3 c5 5. Bd3 Nc6 6. Nf3 Bxc3+ 7. bxc3 d6 8. 0-0 e5 9. Nd2 0-0 10. d5 Ne7 11. Rb1 b6 12. f3 Bf5 13. Ne4 Bxe4 14. fxe4 h6 15. Bd2 Ng6 1/2-1/2

[Event "ZL-2012-0-01097"]
[Site "LSS email"]
[Date "2012.02.19"]
[Round "?"]
[White "Lauer, Fredric"]
[Black "Janicki, Michael"]
[Result "0-1"]
[WhiteElo "1044"]
[BlackElo "1310"]
[PlyCount "36"]
[EventDate "2012.02.13"]
[EventType "match (corr)"]
[EventRounds "2"]
[EventCountry "GER"]
[SourceTitle "Telechess CBM 155"]
[Source "ChessBase"]
[SourceDate "2013.07.16"]
[SourceVersion "1"]
[SourceVersionDate "2013.07.16"]
[SourceQuality "1"]

1. Nf3 g6 2. e4 d6 3. d4 Nf6 4. Nc3 Bg7 5. Bc4 0-0 6. 0-0 Nxe4 7. Bxf7+ Rxf7 8. Nxe4 h6 9. c3 Bg4 10. Ned2 e5 11. h3 Bf5 12. dxe5 dxe5 13. Nb3 Nc6 14. Be3 Qf6 15. Qe2 Bxh3 16. Nxe5 Nxe5 17. gxh3 Nf3+ 18. Kg2 Qc6 0-1

[Event "ZL-2012-0-01085"]
[Site "LSS email"]
[Date "2012.02.02"]
[Round "?"]
[White "Janicki, Michael"]
[Black "Martin, Helmut"]
[Result "0-1"]
[WhiteElo "1296"]
[BlackElo "1353"]
[PlyCount "74"]
[EventDate "2012.01.29"]
[EventType "match (corr)"]
[EventRounds "2"]
[EventCountry "GER"]
[SourceTitle "Telechess CBM 157"]
[Source "ChessBase"]
[SourceDate "2013.11.12"]
[SourceVersion "1"]
[SourceVersionDate "2013.11.12"]
[SourceQuality "1"]

1. d4 d5 2. c4 c6 3. Nf3 Nf6 4. Nc3 Nbd7 5. cxd5 cxd5 6. Bf4 a6 7. e3 e6 8. Bd3 Bb4 9. 0-0 Bxc3 10. bxc3 h6 11. Qe2 b5 12. a4 bxa4 13. Rxa4 a5 14. Rfa1 0-0 15. Nd2 Nb8 16. Bxb8 Rxb8 17. Rxa5 Rb2 18. R1a2 Rxa2 19. Rxa2 Qc7 20. c4 e5 21. c5 exd4 22. exd4 Re8 23. Qd1 Bg4 24. Nf3 Ne4 25. Re2 Bxf3 26. gxf3 Nf6 27. Rxe8+ Nxe8 28. Qb3 Qd8 29. Kf1 Nc7 30. Qb6 Kf8 31. f4 Qd7 32. Qb8+ Ke7 33. Qg8 Qh3+ 34. Ke2 Qg4+ 35. Ke3 g5 36. f5 Qf4+ 37. Ke2 Qxd4 0-1

[Event "LSS RF-2011-0-00094"]
[Site "LSS email"]
[Date "2011.10.31"]
[Round "?"]
[White "Janicki, Michael"]
[Black "Verich, Oleg"]
[Result "1-0"]
[WhiteElo "1296"]
[BlackElo "1082"]
[PlyCount "61"]
[EventDate "2011.09.24"]
[EventType "tourn (corr)"]
[EventRounds "6"]
[EventCountry "GER"]
[SourceTitle "Telechess CBM 157"]
[Source "ChessBase"]
[SourceDate "2013.11.12"]
[SourceVersion "1"]
[SourceVersionDate "2013.11.12"]
[SourceQuality "1"]

1. d4 d5 2. Nc3 Nf6 3. Bg5 e6 4. e4 Be7 5. Bxf6 Bxf6 6. Nf3 0-0 7. Bd3 c6 8. 0-0 dxe4 9. Nxe4 Be7 10. Re1 Nd7 11. Qd2 Nf6 12. Nxf6+ Bxf6 13. c3 h6 14. Ne5 Qc7 15. Qf4 Bg5 16. Qe4 f5 17. Qf3 Bf6 18. Bc4 Bxe5 19. Rxe5 Rf6 20. Rxf5 Rxf5 21. Qxf5 Qf7 22. Qe5 Bd7 23. Re1 Re8 24. f3 Kh8 25. Qc7 Re7 26. Qxb7 Be8 27. Qc8 Kh7 28. Rxe6 Rxe6 29. Bxe6 Qe7 30. Kf2 Bg6 31. Qg8# 1-0

[Event "LSS RF-2011-0-00092"]
[Site "LSS email"]
[Date "2011.10.07"]
[Round "?"]
[White "Bokros, Csaba"]
[Black "Janicki, Michael"]
[Result "0-1"]
[WhiteElo "1031"]
[BlackElo "1310"]
[PlyCount "34"]
[EventDate "2011.08.21"]
[EventType "tourn (corr)"]
[EventRounds "6"]
[EventCountry "GER"]
[SourceTitle "Corr 2015"]
[Source "ChessBase"]
[SourceDate "2015.07.17"]
[SourceVersion "1"]
[SourceVersionDate "2015.07.17"]
[SourceQuality "1"]

1. e4 d6 2. d4 Nf6 3. Nc3 g6 4. Bc4 e6 5. d5 Bg7 6. Nf3 0-0 7. 0-0 exd5 8. exd5 Nbd7 9. Re1 Nb6 10. Be3 Nxc4 11. Rb1 Nxe3 12. Rxe3 Ng4 13. Re1 Ne5 14. Nxe5 Bxe5 15. a3 Bf5 16. g4 Bd7 17. Ne4 Qh4 0-1

[Event "LSS RF-2011-0-00092"]
[Site "LSS email"]
[Date "2011.10.07"]
[Round "?"]
[White "Janicki, Michael"]
[Black "Werner, Guenter"]
[Result "1-0"]
[WhiteElo "1310"]
[BlackElo "1227"]
[PlyCount "73"]
[EventDate "2011.08.21"]
[EventType "tourn (corr)"]
[EventRounds "6"]
[EventCountry "GER"]
[SourceTitle "Telechess CBM 149"]
[Source "ChessBase"]
[SourceDate "2012.07.17"]
[SourceVersion "1"]
[SourceVersionDate "2012.07.17"]
[SourceQuality "1"]

1. d4 Nf6 2. c4 e6 3. g3 c5 4. d5 exd5 5. cxd5 d6 6. Nc3 Be7 7. e4 Bd7 8. Bg2 Qb6 9. Nge2 0-0 10. 0-0 Qc7 11. Nf4 b5 12. a3 Na6 13. Qe2 c4 14. a4 bxa4 15. Nxa4 Rfb8 16. Bd2 Rb3 17. Rfc1 Rc8 18. Bf1 Nb8 19. Qd1 Bg4 20. Qe1 Nbd7 21. Bxc4 Qxc4 22. Rxc4 Rxc4 23. Nc3 Rxb2 24. Nd3 Rb7 25. Kg2 Nb8 26. Rb1 Rcc7 27. Nb5 Rc8 28. Bf4 Rd7 29. f3 Bh5 30. Qf2 a6 31. Na7 Re8 32. Qb6 Bf8 33. Nc6 Nxc6 34. dxc6 Rdd8 35. c7 Rc8 36. Bxd6 Bxd6 37. Qxd6 1-0

[Event "OP-2011-0-01615"]
[Site "LSS email"]
[Date "2011.06.24"]
[Round "?"]
[White "Janicki, Michael"]
[Black "Krakovsky, Peter"]
[Result "0-1"]
[WhiteElo "1153"]
[BlackElo "1771"]
[PlyCount "64"]
[EventDate "2011.06.20"]
[EventType "tourn (corr)"]
[EventRounds "4"]
[EventCountry "GER"]
[SourceTitle "Telechess CBM 151"]
[Source "ChessBase"]
[SourceDate "2012.11.13"]
[SourceVersion "1"]
[SourceVersionDate "2012.11.13"]
[SourceQuality "1"]

1. e4 c5 2. Nf3 d6 3. Bb5+ Bd7 4. Bxd7+ Nxd7 5. c4 Ngf6 6. d3 e6 7. Nc3 Be7 8. 0-0 0-0 9. Bf4 a6 10. a4 Nb8 11. Bxd6 Bxd6 12. e5 Nc6 13. exd6 Qxd6 14. Ne4 Nxe4 15. dxe4 Rfd8 16. e5 Nxe5 17. Qxd6 Nxf3+ 18. gxf3 Rxd6 19. Rfd1 Rad8 20. Rxd6 Rxd6 21. Ra3 Rb6 22. Rd3 Kf8 23. b3 Ke7 24. Kg2 Rd6 25. Rxd6 Kxd6 26. Kg3 Ke5 27. f4+ Kd4 28. Kf3 b6 29. f5 exf5 30. Kf4 Kc3 31. Kxf5 Kxb3 32. Ke4 Kxc4 0-1

[Event "OP-2011-0-01615"]
[Site "LSS email"]
[Date "2011.06.24"]
[Round "?"]
[White "Szczepanski, Zbigniew"]
[Black "Janicki, Michael"]
[Result "1-0"]
[WhiteElo "1589"]
[BlackElo "1153"]
[PlyCount "61"]
[EventDate "2011.06.20"]
[EventType "tourn (corr)"]
[EventRounds "4"]
[EventCountry "GER"]
[SourceTitle "Telechess CBM 151"]
[Source "ChessBase"]
[SourceDate "2012.11.13"]
[SourceVersion "1"]
[SourceVersionDate "2012.11.13"]
[SourceQuality "1"]

1. e4 d6 2. d4 Nf6 3. Nc3 g6 4. f4 Bg7 5. Nf3 c5 6. Bb5+ Bd7 7. e5 Bxb5 8. exf6 Bxf6 9. Nxb5 Qa5+ 10. Nc3 cxd4 11. Nxd4 Nc6 12. Nxc6 Bxc3+ 13. Kf2 Qb6+ 14. Be3 Qxc6 15. bxc3 0-0 16. Qd3 f5 17. Bd4 Qe4 18. Qxe4 fxe4 19. Ke3 d5 20. c4 e6 21. Rhb1 b6 22. cxd5 exd5 23. Rb5 Rfd8 24. a4 Rd6 25. a5 Rc8 26. axb6 axb6 27. Ra7 Rxc2 28. Rb3 Rdc6 29. Rg7+ Kf8 30. Ra3 R6c3+ 31. Rxc3 1-0

[Event "LSS RF-2011-0-00083"]
[Site "LSS email"]
[Date "2011.06.16"]
[Round "?"]
[White "Janicki, Michael"]
[Black "Hernandez, Orlando"]
[Result "1-0"]
[WhiteElo "1153"]
[BlackElo "1047"]
[PlyCount "67"]
[EventDate "2011.05.03"]
[EventType "tourn (corr)"]
[EventRounds "6"]
[EventCountry "GER"]
[SourceTitle "Telechess CBM 151"]
[Source "ChessBase"]
[SourceDate "2012.11.13"]
[SourceVersion "1"]
[SourceVersionDate "2012.11.13"]
[SourceQuality "1"]

1. d4 Nf6 2. Nf3 d5 3. c4 e6 4. e3 c6 5. Nc3 Bb4 6. Bd2 0-0 7. Bd3 dxc4 8. Bxc4 b5 9. Bd3 Bb7 10. 0-0 Nbd7 11. Qc2 Rc8 12. a3 Be7 13. b4 Bd6 14. Ng5 h6 15. Nge4 Bb8 16. a4 Nxe4 17. Nxe4 Qh4 18. f4 f5 19. Nc5 Nxc5 20. dxc5 a6 21. Be1 Qf6 22. Bc3 Qh4 23. Rf3 Rcd8 24. Rg3 Rf7 25. Be2 Rfd7 26. Qb2 Qe7 27. Rxg7+ Qxg7 28. Bxg7 Rxg7 29. Qf6 Rd2 30. Qxe6+ Kh8 31. Qxh6+ Kg8 32. Rd1 Rxd1+ 33. Bxd1 Bc8 34. Bb3+ 1-0

[Event "LSS RF-2011-0-00083"]
[Site "LSS email"]
[Date "2011.06.16"]
[Round "?"]
[White "Puleston, Tim O"]
[Black "Janicki, Michael"]
[Result "0-1"]
[WhiteElo "1049"]
[BlackElo "1153"]
[PlyCount "22"]
[EventDate "2011.05.03"]
[EventType "tourn (corr)"]
[EventRounds "6"]
[EventCountry "GER"]
[SourceTitle "Corr 2015"]
[Source "ChessBase"]
[SourceDate "2015.07.17"]
[SourceVersion "1"]
[SourceVersionDate "2015.07.17"]
[SourceQuality "1"]

1. e4 d6 2. d4 Nf6 3. Nc3 g6 4. Be3 Bg7 5. Qd2 0-0 6. Bc4 Nxe4 7. Nxe4 d5 8. Bd3 dxe4 9. Bxe4 Qd6 10. c3 f5 11. Bd3 f4 0-1

[Event "LSS RF-2011-0-00083"]
[Site "LSS email"]
[Date "2011.06.15"]
[Round "?"]
[White "Ausan, Leo Tito Jr"]
[Black "Janicki, Michael"]
[Result "0-1"]
[WhiteElo "1003"]
[BlackElo "1153"]
[PlyCount "56"]
[EventDate "2011.05.03"]
[EventType "tourn (corr)"]
[EventRounds "6"]
[EventCountry "GER"]
[SourceTitle "Telechess CBM 151"]
[Source "ChessBase"]
[SourceDate "2012.11.13"]
[SourceVersion "1"]
[SourceVersionDate "2012.11.13"]
[SourceQuality "1"]

1. e4 d6 2. d4 Nf6 3. Nc3 g6 4. f3 Bg7 5. Be3 0-0 6. Qd2 e5 7. 0-0-0 exd4 8. Bxd4 Nc6 9. Be3 a5 10. h4 Be6 11. g4 h5 12. Bh3 hxg4 13. fxg4 Nxg4 14. Bxg4 Bxg4 15. Nge2 Bxc3 16. bxc3 Qe7 17. Rdg1 Qxe4 18. Rxg4 Qxh1+ 19. Kb2 a4 20. a3 Qf3 21. Rg3 Qh5 22. Nf4 Qb5+ 23. Ka1 Qf1+ 24. Kb2 Ra6 25. Nxg6 fxg6 26. Rxg6+ Kf7 27. h5 Ra5 28. Bh6 Rb5+ 0-1

[Event "LSS RF-2011-0-00083"]
[Site "LSS email"]
[Date "2011.06.15"]
[Round "?"]
[White "Janicki, Michael"]
[Black "Molina, Vicente Andres"]
[Result "1-0"]
[WhiteElo "1153"]
[BlackElo "791"]
[PlyCount "45"]
[EventDate "2011.05.03"]
[EventType "tourn (corr)"]
[EventRounds "6"]
[EventCountry "GER"]
[SourceTitle "Telechess CBM 151"]
[Source "ChessBase"]
[SourceDate "2012.11.13"]
[SourceVersion "1"]
[SourceVersionDate "2012.11.13"]
[SourceQuality "1"]

1. e4 c5 2. d4 cxd4 3. c3 Nf6 4. e5 Nd5 5. Nf3 e6 6. cxd4 d6 7. Nc3 Nxc3 8. bxc3 Nc6 9. Bf4 dxe5 10. Nxe5 Nxe5 11. Bxe5 Qa5 12. Qb3 a6 13. Bd3 b5 14. Be4 Ra7 15. 0-0 f6 16. Bb8 Rf7 17. Bc6+ Bd7 18. Qxe6+ Re7 19. Bxd7+ Kd8 20. Qc6 Rxd7 21. Rfe1 Ba3 22. Re6 Qxc3 23. Qxc3 1-0

[Event "ZL-2011-0-00924"]
[Site "LSS email"]
[Date "2011.05.23"]
[Round "?"]
[White "Bieszk, Stanislaw"]
[Black "Janicki, Michael"]
[Result "0-1"]
[WhiteElo "908"]
[BlackElo "1124"]
[PlyCount "54"]
[EventDate "2011.05.17"]
[EventType "match (corr)"]
[EventRounds "2"]
[EventCountry "GER"]
[SourceTitle "Telechess CBM 145"]
[Source "Chessbase"]
[SourceDate "2011.11.11"]
[SourceVersion "1"]
[SourceVersionDate "2011.11.11"]
[SourceQuality "1"]

1. a3 g6 2. Nf3 Bg7 3. g3 d5 4. Bg2 Nd7 5. d4 Ngf6 6. Nbd2 0-0 7. c4 e6 8. 0-0 b6 9. b4 c5 10. Bb2 Bb7 11. dxc5 bxc5 12. bxc5 Nxc5 13. cxd5 Nxd5 14. Bxg7 Kxg7 15. Rc1 Rc8 16. Nb3 Nxb3 17. Qxb3 Qb6 18. Qxb6 axb6 19. Nd4 Rc5 20. Rxc5 bxc5 21. Nb5 Ba6 22. Bxd5 exd5 23. Nc7 Bxe2 24. Rc1 d4 25. Rxc5 d3 26. Rd5 Rc8 27. Nb5 Bf3 0-1

[Event "LSS RF-2011-0-00080"]
[Site "LSS email"]
[Date "2011.05.12"]
[Round "?"]
[White "Janicki, Michael"]
[Black "Basson, Heinrich"]
[Result "0-1"]
[WhiteElo "1124"]
[BlackElo "1277"]
[PlyCount "64"]
[EventDate "2011.04.13"]
[EventType "tourn (corr)"]
[EventRounds "6"]
[EventCountry "GER"]
[SourceTitle "Telechess CBM 147"]
[Source "ChessBase"]
[SourceDate "2012.03.16"]
[SourceVersion "1"]
[SourceVersionDate "2012.03.16"]
[SourceQuality "1"]

1. d4 d5 2. Nc3 Nf6 3. Nf3 Bf5 4. e3 Bg4 5. h3 Bh5 6. g4 Bg6 7. Ne5 e6 8. f4 Bb4 9. Bb5+ c6 10. Nxg6 hxg6 11. Bd3 Ne4 12. Bxe4 Bxc3+ 13. bxc3 dxe4 14. Ba3 c5 15. Bxc5 Qh4+ 16. Ke2 Nc6 17. Qg1 b6 18. Bd6 Qd8 19. Ba3 Rc8 20. f5 Qf6 21. Qg2 gxf5 22. gxf5 exf5 23. Rhg1 g6 24. Rab1 Nxd4+ 25. Kd2 Nf3+ 26. Ke2 Qxc3 27. Rgc1 Rd8 28. Rb3 Qd2+ 29. Kf1 Qxg2+ 30. Kxg2 Rd2+ 31. Kg3 Rh2 32. Bd6 R8xh3+ 0-1

[Event "LSS RF-2011-0-00080"]
[Site "LSS email"]
[Date "2011.05.12"]
[Round "?"]
[White "Tittarelli, Adriano"]
[Black "Janicki, Michael"]
[Result "1-0"]
[WhiteElo "1130"]
[BlackElo "1124"]
[PlyCount "104"]
[EventDate "2011.04.13"]
[EventType "tourn (corr)"]
[EventRounds "6"]
[EventCountry "GER"]
[SourceTitle "Telechess CBM 147"]
[Source "ChessBase"]
[SourceDate "2012.03.16"]
[SourceVersion "1"]
[SourceVersionDate "2012.03.16"]
[SourceQuality "1"]

1. d4 d5 2. Bf4 Nc6 3. e3 g6 4. Nf3 Bg7 5. Bb5 Bd7 6. c4 e6 7. cxd5 exd5 8. Nc3 Nf6 9. Rc1 a6 10. Bxc6 Bxc6 11. h3 Bb5 12. Nxb5 axb5 13. Bxc7 Qe7 14. Qb3 b4 15. Be5 0-0 16. 0-0 Rfc8 17. Bxf6 Bxf6 18. Qxd5 Qe6 19. Qxe6 fxe6 20. Nd2 Rxc1 21. Rxc1 Rxa2 22. Rc8+ Kg7 23. Rc7+ Kh6 24. Ne4 Bd8 25. Rxb7 Rxb2 26. Nc5 Bh4 27. g3 Bf6 28. Nxe6 Rb1+ 29. Kg2 b3 30. Kf3 b2 31. h4 Ra1 32. Rxb2 Ra6 33. Nf4 Kg7 34. Rb7+ Kg8 35. d5 Rd6 36. e4 Be5 37. Ne6 h5 38. Rb8+ Kf7 39. Rf8+ Ke7 40. Rg8 Kf7 41. Rd8 Rb6 42. Ng5+ Kf6 43. Rf8+ Ke7 44. Rg8 Rd6 45. Ke3 Ra6 46. Kd3 Ra3+ 47. Kc4 Kf6 48. f4 Rc3+ 49. Kb5 Bc7 50. e5+ Bxe5 51. fxe5+ Kxe5 52. d6 Kxd6 1-0